<?xml version="1.0" encoding="UTF-8"?>
<collection xmlns="http://www.loc.gov/MARC21/slim">
 <record>
  <leader>01013pamaa2200229   4500</leader>
  <controlfield tag="001">0000052228</controlfield>
  <controlfield tag="005">20140221090000.0</controlfield>
  <controlfield tag="008">140221s2013                             eng  </controlfield>
  <datafield tag="020" ind1="0" ind2="0">
   <subfield code="a">9780124116443 (pbk.) </subfield>
  </datafield>
  <datafield tag="090" ind1="0" ind2="0">
   <subfield code="a">QA76.9.A25 </subfield>
   <subfield code="b">ENG 2013</subfield>
  </datafield>
  <datafield tag="100" ind1="1" ind2="0">
   <subfield code="a">Engebretson </subfield>
  </datafield>
  <datafield tag="245" ind1="1" ind2="4">
   <subfield code="a">The basics of hacking and penetration testing : </subfield>
   <subfield code="b">ethical hacking and penetration testing made easy  </subfield>
   <subfield code="c">Dr. Patrick Engebretson, David Kennedy, Technical Editor.</subfield>
  </datafield>
  <datafield tag="250" ind1="0" ind2="0">
   <subfield code="a">2nd ed.</subfield>
  </datafield>
  <datafield tag="300" ind1=" " ind2=" ">
   <subfield code="a">xviii, 204 p.: </subfield>
   <subfield code="b">illustrations; </subfield>
   <subfield code="c">23 cm.</subfield>
  </datafield>
  <datafield tag="501" ind1="0" ind2="0">
   <subfield code="a">BCSI</subfield>
  </datafield>
  <datafield tag="504" ind1="0" ind2="0">
   <subfield code="a">Includes bibliographical references and index</subfield>
  </datafield>
  <datafield tag="505" ind1="0" ind2="0">
   <subfield code="a">What is Penetration Testing? -- Reconnaissance -- Scanning -- Exploitation -- Web Based Exploitation -- Maintaining Access with Backdoors and Rootkits -- Wrapping Up the Penetration Test</subfield>
  </datafield>
  <datafield tag="650" ind1="0" ind2="0">
   <subfield code="a">Penetration testing (Computer security) </subfield>
  </datafield>
  <datafield tag="650" ind1="0" ind2="0">
   <subfield code="a">Computer crimes -- </subfield>
   <subfield code="x">Prevention </subfield>
  </datafield>
  <datafield tag="650" ind1="0" ind2="0">
   <subfield code="a">Computer software -- </subfield>
   <subfield code="x">Testing </subfield>
  </datafield>
  <datafield tag="650" ind1="0" ind2="0">
   <subfield code="a">Computer hackers </subfield>
  </datafield>
  <datafield tag="901" ind1=" " ind2=" ">
   <subfield code="u">http://www.elsevier.com</subfield>
  </datafield>
 </record>
</collection>
